000 00536cam a2200181 4500500
005 20260405001646.0
041 _afre
042 _adc
100 1 0 _aPortevin, Catherine
_eauthor
245 0 0 _aLabyrinthes
260 _c2013.
500 _a88
690 _aFranco Maria Ricci
690 _aLabyrinthes
690 _aUmberto Eco
786 0 _nPhilosophie magazine | 75 | 12 | 2013-12-01 | p. 71-71 | 1951-1787
856 4 1 _uhttps://shs.cairn.info/magazine-philosophie-magazine-2013-12-page-71?lang=fr&redirect-ssocas=7080
999 _c2049784
_d2049784